[Event "ch-ESP Women 2015"]
[Site "Linares ESP"]
[Date "2015.08.18"]
[Round "6.3"]
[White "Collazo Hidalgo-Gato, Niala"]
[Black "Hernandez Estevez, Yudania"]
[Result "1-0"]
[WhiteTitle "WIM"]
[BlackTitle "WIM"]
[WhiteElo "2261"]
[BlackElo "2163"]
[WhiteFideId "3504476"]
[BlackFideId "2219344"]
[EventDate "2015.08.15"]

1. e4 c6 2. d4 d5 3. Nc3 dxe4 4. Nxe4 Bf5 5. Ng3 Bg6 6. Nf3 Nd7 7. h4 h6 8. h5
Bh7 9. Bd3 Bxd3 10. Qxd3 e6 11. Bf4 Qa5+ 12. Bd2 Bb4 13. Ne4 Ngf6 14. Nd6+ Ke7
15. Nc4 Bxd2+ 16. Nfxd2 Qg5 17. Nf3 Qb5 18. a4 Qa6 19. Nfe5 Rhd8 20. Qa3+ c5 21.
O-O-O Kf8 22. dxc5 Nxe5 23. Nxe5 Kg8 24. Rd6 Qe2 25. Qd3 Qxd3 26. Rxd3 Rdc8 27.
Rhd1 Nd5 28. c6 bxc6 29. c4 Nf6 30. Rb3 Rc7 31. a5 Ne4 32. Rd7 Rxd7 33. Nxd7
Nxf2 34. Ne5 Rc8 35. Rf3 Ne4 36. Rxf7 a6 37. Ra7 Nc5 38. b4 Nb3+ 39. Kb2 Nd4 40.
Rxa6 c5 41. b5 Rf8 42. Nf3 e5 43. Nxe5 Rf2+ 44. Kc3 Rxg2 45. Ra8+ Kh7 46. Ng6
Rg3+ 47. Kd2 1-0

[Event "ch-ESP Women 2015"]
[Site "Linares ESP"]
[Date "2015.08.18"]
[Round "6.4"]
[White "Collado Barbas, Laura"]
[Black "Nicolas Zapata, Irene"]
[Result "0-1"]
[WhiteTitle "WFM"]
[BlackTitle "WIM"]
[WhiteElo "2137"]
[BlackElo "2203"]
[WhiteFideId "2294907"]
[BlackFideId "22247270"]
[EventDate "2015.08.15"]

1. d4 Nf6 2. c4 g6 3. Nc3 Bg7 4. e4 d6 5. Nf3 O-O 6. h3 e5 7. d5 Nh5 8. Nh2 Qe8
9. Be2 Nf4 10. Bf3 f5 11. Nf1 Na6 12. g3 Nh5 13. exf5 Nf6 14. fxg6 Qxg6 15. Ne3
Nc5 16. O-O Bxh3 17. Bg2 Bd7 18. Qc2 e4 19. Rb1 a5 20. b3 Bh6 21. Qe2 Rae8 22.
Ncd1 Nd3 23. Bb2 Ne5 24. Bxe5 Rxe5 25. Re1 Bg5 26. Qc2 Qg7 27. Nf1 h5 28. Nc3 h4
29. Nxe4 Nxe4 30. Bxe4 hxg3 31. fxg3 Rfe8 32. Qd3 Qe7 33. Nd2 Bxd2 34. Qxd2 Rxe4
35. Rxe4 Qxe4 36. Qg5+ Kh7 37. Qh5+ Kg7 38. Rf1 Qe3+ 39. Kh1 Re7 0-1

[Event "ch-ESP Women 2015"]
[Site "Linares ESP"]
[Date "2015.08.19"]
[Round "7.1"]
[White "Collazo Hidalgo-Gato, Niala"]
[Black "Vega Gutierrez, Sabrina"]
[Result "1/2-1/2"]
[WhiteTitle "WIM"]
[BlackTitle "IM"]
[WhiteElo "2261"]
[BlackElo "2381"]
[WhiteFideId "3504476"]
[BlackFideId "2219026"]
[EventDate "2015.08.15"]

1. e4 c5 2. Nf3 Nc6 3. d4 cxd4 4. Nxd4 Nf6 5. Nc3 e5 6. Ndb5 d6 7. Bg5 a6 8. Na3
b5 9. Nd5 Be7 10. Bxf6 Bxf6 11. c3 Bb7 12. Nc2 Nb8 13. a4 bxa4 14. Ncb4 O-O 15.
Rxa4 Nd7 16. Nxa6 Nb6 17. Nxb6 Qxb6 18. Rb4 Qa7 19. Nc7 Bh4 20. g3 Bxe4 21. Rxe4
Qxc7 22. gxh4 Qb7 23. Bg2 f5 24. Rg4 e4 25. Rg5 Qb5 26. Bf1 Qxb2 27. Bc4+ Kh8
28. O-O Qxc3 29. Qd5 Qf6 1/2-1/2

[Event "ch-ESP Women 2015"]
[Site "Linares ESP"]
[Date "2015.08.19"]
[Round "7.2"]
[White "Nicolas Zapata, Irene"]
[Black "Perera Borrego, Mariela"]
[Result "1-0"]
[WhiteTitle "WIM"]
[BlackTitle "WFM"]
[WhiteElo "2203"]
[BlackElo "2139"]
[WhiteFideId "22247270"]
[BlackFideId "22238255"]
[EventDate "2015.08.15"]

1. d4 Nf6 2. Nf3 e6 3. e3 b6 4. Bd3 Bb7 5. O-O Be7 6. c4 Ne4 7. Nbd2 f5 8. Qc2
Nxd2 9. Nxd2 O-O 10. a3 c5 11. d5 exd5 12. cxd5 g6 13. e4 fxe4 14. Bxe4 Bf6 15.
Nc4 Bg7 16. f4 d6 17. Bd2 Na6 18. f5 Nc7 19. fxg6 Bxd5 20. Bxd5+ Nxd5 21. Qe4
Nf6 22. Qe6+ Kh8 23. Nxd6 hxg6 24. Bc3 Qd7 25. Rxf6 Qxe6 26. Rxe6 Rf4 27. Rxg6
Bxc3 28. bxc3 Raf8 29. Re1 Kh7 30. Rge6 Rf2 31. Re7+ Kg6 32. R1e6+ Kh5 33. Rh7+ 1-0

[Event "ch-ESP Women 2015"]
[Site "Linares ESP"]
[Date "2015.08.19"]
[Round "7.3"]
[White "Matnadze, Ana"]
[Black "Kolotilina, Liudmila"]
[Result "1/2-1/2"]
[WhiteTitle "IM"]
[WhiteElo "2368"]
[BlackElo "2135"]
[WhiteFideId "13601377"]
[BlackFideId "32099568"]
[EventDate "2015.08.15"]

1. d4 d5 2. Nf3 Nf6 3. c4 c6 4. Qb3 dxc4 5. Qxc4 Bf5 6. Nc3 e6 7. g3 Be7 8. Bg2
O-O 9. O-O Nbd7 10. a4 a5 11. Bg5 h6 12. Bxf6 Bxf6 13. e4 Bg6 14. Rfd1 Qb6 15.
Ne1 Rfd8 16. Ne2 c5 17. d5 exd5 18. Qxd5 Qxb2 19. Nf4 Nb6 20. Qxb7 Nxa4 21. Qc6
Nc3 22. Ned3 Qb3 23. Re1 Rac8 24. Qa6 c4 25. Nc1 Qb5 26. Qxb5 Nxb5 27. e5 Be7
28. Nxg6 fxg6 29. Bb7 Rc7 30. Be4 Bb4 31. Rf1 Kf7 32. Ne2 g5 33. f4 g4 34. f5
Nc3 35. Nxc3 Bxc3 36. e6+ Kf6 37. Ra2 Rd4 38. Rf4 h5 39. Bc2 Rd2 40. Re4 Bd4+
41. Kf1 Bb6 42. Re2 Rd5 43. Rb2 Rd6 44. Ba4 Ke7 45. Bc2 c3 46. Ra2 Rc5 47. Ra1
Rb5 48. Ra3 Bd4 49. Bd3 Rc5 50. Rb3 Rc7 51. Bc2 Bb6 52. Re5 Rd2 53. Rxb6 Rxc2
54. f6+ gxf6 55. Rxh5 Rb2 56. Rh7+ Ke8 57. Rh8+ Ke7 58. Rh7+ Ke8 59. Rh8+ Ke7
60. Rh7+ 1/2-1/2

[Event "ch-ESP Women 2015"]
[Site "Linares ESP"]
[Date "2015.08.19"]
[Round "7.4"]
[White "Garcia Vicente, Nieves"]
[Black "Vega Gutierrez, Belinda"]
[Result "0-1"]
[WhiteTitle "WIM"]
[BlackTitle "WIM"]
[WhiteElo "2192"]
[BlackElo "2149"]
[WhiteFideId "2201542"]
[BlackFideId "2229994"]
[EventDate "2015.08.15"]

1. d4 Nf6 2. c4 e5 3. dxe5 Ng4 4. Bf4 g5 5. Bd2 Nc6 6. e3 Ngxe5 7. Bc3 d6 8. Nf3
Bg7 9. Be2 O-O 10. Qb3 Qe7 11. Nbd2 a5 12. Nxe5 dxe5 13. a3 Rd8 14. O-O-O Nd4
15. Bxd4 exd4 16. Nf1 Ra6 17. Rd2 d3 18. Bd1 Be6 19. Ng3 Bxc4 20. Qxb7 Rb6 21.
Qe4 Bxb2+ 22. Rxb2 Qxa3 23. Qa8 Rxa8 0-1

[Event "ch-ESP Women 2015"]
[Site "Linares ESP"]
[Date "2015.08.20"]
[Round "8.1"]
[White "Nicolas Zapata, Irene"]
[Black "Collazo Hidalgo-Gato, Niala"]
[Result "1-0"]
[WhiteTitle "WIM"]
[BlackTitle "WIM"]
[WhiteElo "2203"]
[BlackElo "2261"]
[WhiteFideId "22247270"]
[BlackFideId "3504476"]
[EventDate "2015.08.15"]

1. d4 Nf6 2. Nf3 g6 3. g3 Bg7 4. Bg2 O-O 5. O-O d6 6. a4 Nbd7 7. Nc3 e5 8. dxe5
dxe5 9. a5 Qe7 10. b3 e4 11. Ba3 c5 12. Nd2 e3 13. Nc4 exf2+ 14. Kh1 Rb8 15. Bc1
b5 16. axb6 Nxb6 17. Bf4 Nxc4 18. bxc4 Rb6 19. Ra3 Rd8 20. Nd5 Nxd5 21. cxd5 c4
22. Rf3 Bf5 23. d6 Qe6 24. Re3 Rbxd6 25. Qc1 Qd7 26. Bxd6 Qxd6 27. Rf3 a5 28.
R3xf2 c3 29. Qa1 Qc5 30. Qa4 Rd2 31. g4 Be6 32. Qe8+ Qf8 33. Qb5 Qd8 34. Qb7 Rd7
35. Qb5 Bxg4 36. Rxf7 Rxf7 37. Qc4 Qc7 38. Bd5 Qxc4 39. Bxc4 Bf5 40. Bxf7+ Kxf7
41. e4 a4 42. exf5 a3 43. fxg6+ Kxg6 44. Kg2 Be5 45. Ra1 Bd6 46. Rd1 Be5 47. Rf1
h6 48. h3 Kg5 49. Ra1 Bd6 50. Rd1 Be5 51. Rd5 Kf4 52. Ra5 Bd6 53. Kf2 Ke4 54.
Ra4+ Kd5 55. Ke2 Kc6 56. Ra6+ Kd5 57. Kd3 Bb4 58. Rxh6 Kc5 59. Rh5+ Kc6 60. Rf5
Kb6 61. Ke4 1-0

[Event "ch-ESP Women 2015"]
[Site "Linares ESP"]
[Date "2015.08.20"]
[Round "8.2"]
[White "Kolotilina, Liudmila"]
[Black "Vega Gutierrez, Sabrina"]
[Result "0-1"]
[BlackTitle "IM"]
[WhiteElo "2135"]
[BlackElo "2381"]
[WhiteFideId "32099568"]
[BlackFideId "2219026"]
[EventDate "2015.08.15"]

1. e4 e5 2. Nf3 d6 3. d4 exd4 4. Nxd4 Nf6 5. Nc3 Be7 6. Bf4 O-O 7. Qd2 c6 8.
O-O-O b5 9. f3 b4 10. Nce2 c5 11. Nf5 Bxf5 12. exf5 Nc6 13. Kb1 d5 14. g4 d4 15.
Ng3 Nd5 16. Ne4 Qb6 17. Ka1 Na5 18. g5 c4 19. Be5 d3 20. Bxd3 cxd3 21. Qxd3 Rfd8
22. Bd4 Qc6 23. f6 Bf8 24. fxg7 Bxg7 25. Nf6+ Nxf6 26. gxf6 Bxf6 27. Rhg1+ Kh8
28. Qf5 Rxd4 29. Qxa5 Rxd1+ 30. Rxd1 Qxc2 31. Rd3 Qxd3 0-1

[Event "ch-ESP Women 2015"]
[Site "Linares ESP"]
[Date "2015.08.20"]
[Round "8.3"]
[White "Vega Gutierrez, Belinda"]
[Black "Perera Borrego, Mariela"]
[Result "1-0"]
[WhiteTitle "WIM"]
[BlackTitle "WFM"]
[WhiteElo "2149"]
[BlackElo "2139"]
[WhiteFideId "2229994"]
[BlackFideId "22238255"]
[EventDate "2015.08.15"]

1. e4 d6 2. d4 Nf6 3. Nc3 e5 4. Nf3 Nbd7 5. Bc4 Be7 6. O-O O-O 7. a4 a5 8. Re1
c6 9. h3 Nb6 10. Ba2 Nfd7 11. dxe5 dxe5 12. Be3 Qc7 13. Ng5 Bxg5 14. Bxg5 Nc5
15. Be3 Nbxa4 16. Nxa4 Nxa4 17. Bb3 b5 18. Bxa4 bxa4 19. Rxa4 Be6 20. Bc5 Rfd8
21. Qf3 Qb7 22. b3 Qd7 23. Qc3 Qd2 24. Qxd2 Rxd2 25. Rc1 f5 26. b4 fxe4 27. bxa5
Rd5 28. Bb6 e3 29. fxe3 Rb5 30. Raa1 Bc4 31. e4 Kf7 32. Kf2 Ke6 33. Ke3 c5 34.
Rd1 Rf8 35. Kd2 Rf2+ 36. Kc3 Be2 37. Rd2 Rxg2 38. Rxe2 Rxe2 39. a6 Rf2 40. a7
Rf8 41. Ra6 Ra8 42. Bxc5+ Kd7 43. Kc4 Rb2 44. c3 Rh2 45. Rd6+ Kc7 46. Re6 Rxh3
47. Kb5 Rd3 48. Rxe5 Rd7 49. Re6 g5 50. Ka6 g4 51. Kb5 Rg7 52. Ka6 Kd7 53. Ba3 1-0

[Event "ch-ESP Women 2015"]
[Site "Linares ESP"]
[Date "2015.08.20"]
[Round "8.4"]
[White "Collado Barbas, Laura"]
[Black "Matnadze, Ana"]
[Result "0-1"]
[WhiteTitle "WFM"]
[BlackTitle "IM"]
[WhiteElo "2137"]
[BlackElo "2368"]
[WhiteFideId "2294907"]
[BlackFideId "13601377"]
[EventDate "2015.08.15"]

1. d4 Nf6 2. c4 e6 3. Nc3 d5 4. cxd5 exd5 5. Bg5 c6 6. Qc2 Nbd7 7. e3 Be7 8. Bd3
Nf8 9. Nge2 Ne6 10. Bh4 g6 11. O-O O-O 12. f3 b6 13. Rae1 Bb7 14. Bxf6 Bxf6 15.
f4 Ng7 16. f5 g5 17. Kh1 c5 18. b3 Rc8 19. Qd2 Re8 20. Rf3 Qe7 21. Ref1 h5 22.
Bb5 Red8 23. h3 c4 24. bxc4 dxc4 25. e4 a6 26. Ba4 g4 27. hxg4 hxg4 28. Rg3 Bxd4
29. Rxg4 Be5 30. Qh6 Rd6 31. Qh3 Qf6 32. Rh4 Kf8 33. Rh8+ Ke7 34. Rxc8 Bxc8 35.
Nd5+ Rxd5 36. exd5 Bxf5 37. Qa3+ Bd6 38. Qe3+ Kf8 39. g3 Be4+ 40. Kg1 Qe7 41.
Nd4 Bc5 42. Rf4 f5 43. d6 Qxd6 44. Qxe4 Kg8 45. Qa8+ Kh7 46. Rh4+ Kg6 47. Be8+
Kg5 48. Qxa6 Qxg3+ 49. Kf1 Qd3+ 50. Kg2 Qd2+ 51. Kh3 Qe3+ 52. Kg2 Bxd4 0-1

[Event "ch-ESP Women 2015"]
[Site "Linares ESP"]
[Date "2015.08.21"]
[Round "9.1"]
[White "Vega Gutierrez, Sabrina"]
[Black "Vega Gutierrez, Belinda"]
[Result "1-0"]
[WhiteTitle "IM"]
[BlackTitle "WIM"]
[WhiteElo "2381"]
[BlackElo "2149"]
[WhiteFideId "2219026"]
[BlackFideId "2229994"]
[EventDate "2015.08.15"]

1. d4 d5 2. c4 e6 3. Nf3 Nf6 4. g3 Be7 5. Bg2 O-O 6. O-O dxc4 7. Qc2 c5 8. dxc5
Bxc5 9. Nbd2 Nc6 10. Nxc4 Qe7 11. Nfe5 Nxe5 12. Nxe5 h6 13. Rd1 Bd6 14. Nc4 Bc7
15. b3 Rd8 16. Ba3 Qe8 17. Rxd8 Bxd8 18. Nd6 Qd7 19. Rd1 Qc7 20. Qxc7 Bxc7 21.
Nxc8 Rxc8 22. Rc1 Ne8 23. Bxb7 Rd8 24. Ba6 Rd2 25. Bb5 Bd6 26. Bxd6 Nxd6 27. Bd3
g6 28. Rc6 Nf5 29. Ra6 Nd4 30. Kf1 Rd1+ 31. Kg2 Rd2 32. Rxa7 Nxe2 33. Bxe2 Rxe2
34. a4 e5 35. Kf3 Rb2 36. Rb7 Kg7 37. a5 Ra2 38. b4 Kf6 39. Rb6+ Kf5 40. g4+ Kg5
41. Kg3 Ra3+ 42. f3 h5 43. h4+ 1-0

[Event "ch-ESP Women 2015"]
[Site "Linares ESP"]
[Date "2015.08.21"]
[Round "9.2"]
[White "Matnadze, Ana"]
[Black "Nicolas Zapata, Irene"]
[Result "1/2-1/2"]
[WhiteTitle "IM"]
[BlackTitle "WIM"]
[WhiteElo "2368"]
[BlackElo "2203"]
[WhiteFideId "13601377"]
[BlackFideId "22247270"]
[EventDate "2015.08.15"]

1. d4 Nf6 2. e3 g6 3. f4 Bg7 4. Nf3 d6 5. c4 O-O 6. Be2 b6 7. Nc3 Bb7 8. d5 c6
9. e4 cxd5 10. exd5 Nbd7 11. O-O b5 12. cxb5 Qb6+ 13. Kh1 a6 14. bxa6 Bxa6 15.
Bxa6 Qxa6 16. Be3 Rfc8 17. Nd4 Nb6 18. Qf3 Qb7 19. Rad1 Nbxd5 20. Ndb5 Rcb8 21.
Nxd5 Nxd5 22. Nxd6 exd6 23. Rxd5 Rxa2 24. Rxd6 1/2-1/2

[Event "ch-ESP Women 2015"]
[Site "Linares ESP"]
[Date "2015.08.21"]
[Round "9.3"]
[White "Hernandez Estevez, Yudania"]
[Black "Garcia Vicente, Nieves"]
[Result "1-0"]
[WhiteTitle "WIM"]
[BlackTitle "WIM"]
[WhiteElo "2163"]
[BlackElo "2192"]
[WhiteFideId "2219344"]
[BlackFideId "2201542"]
[EventDate "2015.08.15"]

1. e4 e5 2. Nf3 Nc6 3. Bb5 Nf6 4. d3 Bc5 5. c3 O-O 6. O-O d5 7. Qc2 Bg4 8. Nbd2
dxe4 9. dxe4 Qe7 10. h3 Bd7 11. b4 Bb6 12. Bd3 a5 13. b5 Nd8 14. a4 Bc8 15. Nc4
Nd7 16. Nxb6 cxb6 17. Bc4 Ne6 18. Ba3 Nec5 19. Rfd1 Nf6 20. Bd5 Nxd5 21. Rxd5 f6
22. Rad1 Be6 23. Bxc5 bxc5 24. Rd6 Rfd8 25. Rxd8+ Rxd8 26. Rxd8+ Qxd8 27. Nd2
Qd6 28. Kf1 Kf8 29. Ke1 Qd7 30. Nf1 Qf7 31. Ne3 Qd7 32. g4 g6 33. Ke2 Kg7 34.
Qb2 Kf7 35. f3 Kg7 36. h4 Bf7 37. Qd2 Qxd2+ 38. Kxd2 Be6 39. Kd3 Ba2 40. c4 Bb1+
41. Kc3 Kf7 42. Nf1 f5 43. Nd2 fxg4 44. fxg4 1-0

[Event "ch-ESP Women 2015"]
[Site "Linares ESP"]
[Date "2015.08.21"]
[Round "9.4"]
[White "Olivares Romero, Sara"]
[Black "Collazo Hidalgo-Gato, Niala"]
[Result "0-1"]
[BlackTitle "WIM"]
[WhiteElo "2090"]
[BlackElo "2261"]
[WhiteFideId "2241048"]
[BlackFideId "3504476"]
[EventDate "2015.08.15"]

1. e4 c5 2. c3 d5 3. exd5 Qxd5 4. d4 Nf6 5. Nf3 Bg4 6. Be2 e6 7. O-O Nc6 8. Be3
cxd4 9. cxd4 Bb4 10. Qa4 O-O 11. h3 Bh5 12. a3 Ba5 13. Rd1 a6 14. b4 Bc7 15. Nc3
Qd6 16. Qb3 Bxf3 17. Bxf3 Qh2+ 18. Kf1 Rad8 19. Rab1 Rfe8 20. b5 axb5 21. Qxb5
e5 22. Qxb7 Nxd4 23. g3 Nxf3 24. Qxf3 Qxh3+ 25. Qg2 Qe6 26. Rxd8 Rxd8 27. Qb7
Ba5 28. Ne2 Ng4 29. Bc5 h5 30. Qa7 Qf5 31. Rb8 Qd3 32. Rxd8+ Qxd8 33. Ng1 Bd2
34. a4 h4 35. Qe7 Qd3+ 36. Ne2 h3 37. Qf8+ Kh7 38. Kg1 Qxe2 39. Qxf7 Qe1# 0-1